000 01845cam a22004934i 4500
003 PE-LiUPU
005 20250731173030.0
008 150706s2015 miua rb 000 0 eng d
020 _a0996030522
020 _a9780996030526
035 _a(Sirsi) a238328
040 _aPE-LiUPU
_bspa
_cPE-LiUPU
_erda
049 _aPRUA
082 0 4 _a286.709
_bC5
_220
245 0 0 _aChurch and society :
_bmissiological challenges for the Seventh-Day Adventist Church /
_cRudi Maier [editor].
264 1 _aBerrien Springs, Michigan :
_bDepartament of World Mission, Andrews University,
_c2015.
300 _axi, 800 páginas :
_bilustraciones ;
_c26 centímetros.
336 _atext
_2rdacontent
337 _aunmediated
_2rdamedia
338 _avolume
_2rdacarrier
490 0 _aAndrews University mission studies
504 _aBibliografía : páginas 681-780.
505 0 _aLifestyle and health issues -- Development issues -- Human rigths issues -- Religion and oublic life -- Family and domestic issues.
526 _aSEG42
526 _aSEG41
526 _aSEG40
526 _aSEG39
526 _aP94
526 _aP87
526 _aP86
526 _aP85
526 _aP77
526 _aP76
526 _aP35
650 0 4 _aIglesia en el mundo.
650 0 4 _aMisión de la iglesia.
910 _ajck
_bncf
_cncf
_d20170817
942 _2ddc
_cBOOK
949 _a286.709 C5
_wDEWEY
_c1
_i76814
_lCCODEBUL1
_mBUL
_p20.00
_r0
_sY
_tBOOK
_u2017-08-17
_xTEOLOGIA
_PP35
_o.STAFF. Colección Teología
994 _aC0
_bPEPRU
596 _a1
999 _a286.709 C5
_wDEWEY
_c25017
_i76814
_f2021-11-11
_g5
_lCCODEBUL1
_mBUL
_p20.00
_r0
_sY
_tBOOK
_u2017-8-17
_xTEOLOGIA
_PP35
_0COMPRA
_o.STAFF. Colección Teología
_d25017
980 _81
_gALBERTO SANCHEZ Responsable de Automatización